| 000 | 00995nam0a2200253 4500 | ||
|---|---|---|---|
| 001 | RU\NLR\BIBL_A\012622458 | ||
| 005 | 20250624091934.0 | ||
| 035 | _a(NLR Aleph) 012622458 | ||
| 090 |
_a13305721 _c13305721 |
||
| 100 | _a20211015a1985 |||y0rusy50 ca | ||
| 101 | 0 | _akur | |
| 102 | _aAM | ||
| 105 | _aa z 000 y | ||
| 200 | 1 |
_aХwәндьне литератураейә хwәндьне бона дәрсханед VII-VIII _fМирое Әсәд, Qачахе Мрад _gжь алие министрийа РСС Әрмәнистанейә рיонайе һатйә тיәстиqкрьне |
|
| 210 |
_aЕреван _d1985 |
||
| 215 |
_a278,[2] с. _d21 |
||
| 541 | 1 |
_6z01790 _aЛитературное чтение на курдском языке для VII-VIII классов _zrus |
|
| 686 | 1 | _aШ12/7-96 | |
| 701 | 1 |
_aӘсәд _bМ. _gМирое _4070 |
|
| 790 | 1 |
_6z01541 _aАсад _bМ. _gМирое _4070 |
|
| 852 |
_aNLR _bОНЛ _jКурд./3-162 |
||
| 942 | _cBOOK | ||
| 980 | _aNB | ||